Théorie Du Code Pénal. (Record no. 73396)
[ view plain ]
| 000 -LEADER | |
|---|---|
| fixed length control field | 01300nam a2200361 i 4500 |
| 003 - CONTROL NUMBER IDENTIFIER | |
| control field | EG-GICUC |
| 005 - DATE AND TIME OF LATEST TRANSACTION | |
| control field | 20260426083612.0 |
| 008 - FIXED-LENGTH DATA ELEMENTS--GENERAL INFORMATION | |
| fixed length control field | 260426s18871908fr ||||fr|||| 00| 0 fre d |
| 040 ## - CATALOGING SOURCE | |
| Original cataloging agency | EG-GiCUC |
| Language of cataloging | fre |
| Transcribing agency | EG-GiCUC |
| Modifying agency | EG-GiCUC |
| Description conventions | Rda |
| 041 0# - LANGUAGE CODE | |
| Language code of text/sound track or separate title | fre |
| 082 04 - DEWEY DECIMAL CLASSIFICATION NUMBER | |
| Edition number | 21 |
| Classification number | 343.1 |
| Item number | CH . T |
| 092 04 - LOCALLY ASSIGNED DEWEY CALL NUMBER (OCLC) | |
| Edition number | 21 |
| 099 ## - LOCAL FREE-TEXT CALL NUMBER (OCLC) | |
| Classification number | Law1 10 343.1 CH . T 6 ed - 1908 |
| 100 1# - MAIN ENTRY--PERSONAL NAME | |
| Personal name | Chauveau , A |
| Relator term | Auteur |
| 245 10 - TITLE STATEMENT | |
| Title | Théorie Du Code Pénal. |
| Number of part/section of a work | Tome III / |
| Statement of responsibility, etc. | par A. Chauveau et Faustin-Hélie ; annotée par Edmond Villey ; augmentée d’un supplément par E. Mesnar |
| 250 ## - EDITION STATEMENT | |
| Edition statement | Sixième édition annotée |
| 264 #3 - PRODUCTION, PUBLICATION, DISTRIBUTION, MANUFACTURE, AND COPYRIGHT NOTICE | |
| Place of production, publication, distribution, manufacture | Paris : |
| Name of producer, publisher, distributor, manufacturer | Imprimerie et Librairie générale de jurisprudence Marchal et Billard, |
| Date of production, publication, distribution, manufacture, or copyright notice | 1908. |
| 300 ## - PHYSICAL DESCRIPTION | |
| Extent | 603 page ; |
| Dimensions | 22cm. |
| Other physical details | illustration ; |
| 336 ## - CONTENT TYPE | |
| Source | rda contenu |
| Content type term | texte |
| 337 ## - MEDIA TYPE | |
| Source | rda medias |
| Media type term | Ordinateur |
| 338 ## - CARRIER TYPE | |
| Source | transporteur rda |
| Carrier type term | Ressource en ligne |
| 504 ## - BIBLIOGRAPHY, ETC. NOTE | |
| Bibliography, etc. note | Comprend des références bibliographiques. |
| 546 ## - LANGUAGE NOTE | |
| Language note | Texte en français |
| 650 14 - SUBJECT ADDED ENTRY--TOPICAL TERM | |
| Topical term or geographic name entry element | Droit pénal |
| Source of heading or term | qrmak |
| 651 1# - SUBJECT ADDED ENTRY--GEOGRAPHIC NAME | |
| Source of heading or term | qrmak |
| 700 1# - ADDED ENTRY--PERSONAL NAME | |
| Personal name | Faustin-Hélie |
| Relator term | Auteur |
| 700 1# - ADDED ENTRY--PERSONAL NAME | |
| Personal name | Villey, Edmond |
| Relator term | Annotateur |
| 700 1# - ADDED ENTRY--PERSONAL NAME | |
| Personal name | Mesnard , E. |
| Relator term | Co-Auteur |
| 700 1# - ADDED ENTRY--PERSONAL NAME | |
| Personal name | Mesnard, E. |
| Relator term | Co-Auteur |
| 856 40 - ELECTRONIC LOCATION AND ACCESS | |
| Uniform Resource Identifier | <a href="https://fll.law.cu.edu.eg/fulltext/bks/B10-10550.pdf">https://fll.law.cu.edu.eg/fulltext/bks/B10-10550.pdf</a> |
| 905 ## - Cataloger and Reviser Names | |
| Cataloger Name: | Habiba Yahya |
| 942 ## - ADDED ENTRY ELEMENTS (KOHA) | |
| Source of classification or shelving scheme | Dewey Decimal Classification |
| Koha item type | Books |
| Edition | 21 |
| Suppress in OPAC | No |
| Withdrawn status | Lost status | Source of classification or shelving scheme | Materials specified (bound volume or other part) | Damaged status | Not for loan | Collection | Home library | Current library | Date acquired | Total checkouts | Full call number | Barcode | Date last seen | Copy number | Price effective from | Koha item type |
|---|---|---|---|---|---|---|---|---|---|---|---|---|---|---|---|---|
| Dewey Decimal Classification | V3 | Not for loan | القانون الجنائي | جــــامعة القــاهرة | مكتبة كلية الحقوق - المبنى الرئيسي | 26.04.2026 | Law1 10 343.1 CH . T 6 ed - 1908 1010550 V3, C1 | B10-10550 | 26.04.2026 | 1 | 26.04.2026 | Books |